ნორმალური ფორმატი
MARC ფორმატი
ჩანაწერი Geographic Name
ჩანაწერთა რაოდენობა, რომელიც გამოყენებულია: 1
001 - CONTROL NUMBER
- control field: 21185
003 - CONTROL NUMBER IDENTIFIER
- control field: GE_BSU
005 - DATE AND TIME OF LATEST TRANSACTION
- control field: 20240202102331.0
008 - FIXED-LENGTH DATA ELEMENTS
- fixed length control field: 240202|| aca||aabn | a|a d
040 ## - CATALOGING SOURCE
- Original cataloging agency: GE_BSU
- Transcribing agency: GE_BSU
151 ## - HEADING--GEOGRAPHIC NAME
- Geographic name: United States
- General subdivision: History
- Chronological subdivision: 1945-
670 ## - SOURCE DATA FOUND
- Source citation: Work cat.: (GE_BSU)0: Weiner, Tim. 21182, Legacy of ashes :, 2008.
